Music Quiz

Random Music or Artist Quiz

'Country' Songs Quiz Stats

 Plays Quiz Updated Nov 15, 2018

Support Sporcle.
Go Orange.
Score 0/19 Timer 06:00
0 Plays Today
Artist Song % Correct
Bruce SpringsteenBorn in the USA
85.9%
The BeatlesBack in the USSR
56.4%
The BanglesWalk Like an Egyptian
52.6%
Lenny Kravitz/ The Guess WhoAmerican Woman
43.5%
The Sex PistolsAnarchy in the UK
41.8%
South ParkBlame Canada
37.4%
Julie Covington / Madonna / Sarah BrightmanDon't Cry For Me Argentina
32.1%
The BeatlesNorwegian Wood (This Bird Has Flown)
31.2%
Van HalenPanama
25.2%
David BowieChina Girl
22%
Artist Song % Correct
James TaylorMexico
20.7%
The VaporsTurning Japanese
18.2%
Rod StewartYoung Turks
16.1%
Dead KennedysHoliday in Cambodia
12.7%
Wall of VoodooMexican Radio
12.5%
Kanye WestDiamonds From Sierra Leone
10.1%
RihannaRussian Roulette
9.1%
Paul McCartneyGive Ireland Back to the Irish
3.8%
U2Cedars of Lebanon
1.6%

From the Vault

Gorilla Countries

by Flick

Geography 90s
Which country did King Kong come from?
Remove Ads.
Support Sporcle.
Get the best of Sporcle when you Go Orange. This ad-free experience offers more features, more stats, and more fun while also helping to support Sporcle. Thank you for becoming a member.

Show Comments

Extras

Top Quizzes Today


Score Distribution

Your Account Isn't Verified!

In order to create a playlist on Sporcle, you need to verify the email address you used during registration. Go to your Sporcle Settings to finish the process.

Report this User

Report this user for behavior that violates our Community Guidelines.

Details: